Loading...
| Science - Biology | 0 | 5 | 1 | 2 | 45 | 79 | 110.00 | 1 | 5 |
| Science - Other Science | 1 | 2 | 0 | 1 | 35 | 22 | 97.33 | 2 | 3 |
| Beliefs - Religion | 1 | 1 | 0 | 0 | 25 | 67 | 68.50 | 1 | 2 |
| Science - Physics | 0 | 2 | 0 | 1 | 20 | 88 | 111.50 | 0 | 2 |
| Other - Pop Culture | 0 | 1 | 0 | 0 | 10 | 124 | 124.00 | 0 | 1 |
| Literature - British Lit | 0 | 1 | 0 | 1 | 10 | 120 | 120.00 | 0 | 1 |
| Literature - Euro Lit | 0 | 1 | 1 | 0 | 5 | 89 | 89.00 | 0 | 1 |
| Other - Geo/CE | 0 | 1 | 1 | 1 | 5 | 132 | 132.00 | 0 | 1 |
| Thought - Philosophy | 0 | 1 | 1 | 1 | 5 | 111 | 111.00 | 0 | 1 |
| History - Other History | 0 | 1 | 1 | 1 | 5 | 136 | 136.00 | 0 | 1 |
| Science - Chemistry | 0 | 1 | 2 | 0 | 0 | 64 | 64.00 | 1 | 1 |
| Science - Engineering | 0 | 0 | 1 | 0 | -5 | 0.00 | 0 | 0 | |
| Other - Other Academic | 0 | 0 | 2 | 0 | -10 | 0.00 | 0 | 0 | |
| Literature - World Lit | 0 | 0 | 3 | 0 | -15 | 0.00 | 0 | 0 |